000
00231nam a2200085Ia 4500
008
220204s9999 xx 000 0 und d
082
_a
35:312
_b
CEN
245
0
_a
Census of Central government employees as on 30th June 1959
942
_c
BK
999
_c
20147
_d
20147